Central Library OPAC University of Rajshahi

The political culture of Japan / (Record no. 57948)

MARC details
000 -LEADER
fixed length control field 00996nam a2200301 a 4500
001 - CONTROL NUMBER
control field 57948
003 - CONTROL NUMBER IDENTIFIER
rucl marc code BD-RJUL
005 - DATE AND TIME OF LATEST TRANSACTION
control field 20211209080552.0
008 - FIXED-LENGTH DATA ELEMENTS--GENERAL INFORMATION
fixed length control field 161212s1974 cau bs 001 0 eng
020 ## - INTERNATIONAL STANDARD BOOK NUMBER
International Standard Book Number 0520020197
035 ## - SYSTEM CONTROL NUMBER
System control number BD-RJUL 58072
System control number (OCoLC)00886945
System control number GLIS00005598
040 ## - CATALOGING SOURCE
Original cataloging agency BD-RjUL
Language of cataloging eng
Transcribing agency BD-RjUL
041 ## - LANGUAGE CODE
Language code of text/sound track or separate title eng
082 ## - DEWEY DECIMAL CLASSIFICATION NUMBER
Edition number 23
Classification number 320.952
Author mark and year RIP 1974
099 ## - LOCAL FREE-TEXT CALL NUMBER (OCLC)
Bangla Class number JQ1681.R53
100 1# - MAIN ENTRY--PERSONAL NAME
Personal name Richardson, Bradley M.
9 (RLIN) 172111
245 14 - TITLE STATEMENT
Title The political culture of Japan /
Statement of responsibility, etc. [by] Bradley M. Richardson.
260 ## - PUBLICATION, DISTRIBUTION, ETC. (IMPRINT)
Place of publication, distribution, etc. Berkeley :
Name of publisher, distributor, etc. University of California Press,
Date of publication, distribution, etc. [1974]
300 ## - PHYSICAL DESCRIPTION
Pagination xi, 271 p. ;
Size 24 cm.
500 ## - GENERAL NOTE
General note "Published under the auspices of the Center for Japanese and Korean Studies, University of California, Berkeley."
504 ## - BIBLIOGRAPHY, ETC. NOTE
Bibliography, etc Bibliography: p. 257-261.
650 #0 - SUBJECT ADDED ENTRY--TOPICAL TERM
Topical term or geographic name as entry element Political participation
Geographic subdivision Japan.
9 (RLIN) 172112
651 #0 - SUBJECT ADDED ENTRY--GEOGRAPHIC NAME
Geographic name Japan
General subdivision Politics and government
Chronological subdivision 1945-
9 (RLIN) 172113
942 ## - ADDED ENTRY ELEMENTS (KOHA)
Source of classification or shelving scheme Dewey Decimal Classification
Koha item type Books
Holdings
Lost status Source of classification or shelving scheme Damaged status Not for loan Collection code Permanent Location Current Location Shelving location Date acquired Source of acquisition Total Checkouts Full call number Date last seen Copy number Koha item type
  Dewey Decimal Classification   Not For Loan Non-fiction Central Library, University of Rajshahi Central Library, University of Rajshahi Reading Room 24/04/1979 Tappam & Co.   320.952 RIP 1974 12/12/2016 C-1 Books